| 000 | 00935cam a2200289Ma 4500 | ||
|---|---|---|---|
| 001 | 101677 | ||
| 005 | 20230410105411.0 | ||
| 008 | 110208s2011 fr e b 001 0 fre d | ||
| 035 | _a(OCoLC)ocn703210802 | ||
| 040 |
_aAUXAM _cAUXAM _dTZT _dHLS |
||
| 020 | _a9782738126030 (pbk.) | ||
| 020 | _a2738126030 (pbk.) | ||
| 035 | _a(OCoLC)703210802 | ||
| 050 | 1 | 4 |
_aHB 74 _bW214c 2011 |
| 100 | 1 | _aWalliser, Bernard. | |
| 245 | 1 | 0 |
_aComment raisonnent les économistes : _bles fonctions des modéles / _cBernard Walliser. |
| 260 |
_aParis : _bOdile Jacob, _cc2011. |
||
| 300 |
_a285 p. ; _c22 cm. |
||
| 490 | 1 | _aEconomie | |
| 504 | _aIncludes bibliographical references (p. 279) and index. | ||
| 650 | 0 | _aEconomics. | |
| 650 | 4 | _aEconomía. | |
| 938 |
_aAux Amateurs de Livres _bAUXA _nAAL0510725-0001 _c27,90 EUR |
||
| 938 |
_aJean Touzot Libraire Editeur _bTOUZ _nJTL00289168 _c27,90 EUR |
||
| 942 |
_2lcc _cbk |
||
| 994 |
_aC0 _bDRFGD |
||
| 999 |
_c35918 _d35918 |
||